[Event "10. Open Pueblo Nuevo 2023"]
[Site "Madrid ESP"]
[Date "2023.09.23"]
[Round "1.1"]
[White "Elissalt Cardenas, Hector"]
[Black "Camarero Izquierdo, Juan Carlos"]
[Result "1-0"]
[WhiteElo "2329"]
[BlackElo "1721"]
[PlyCount "85"]
[EventDate "2023.09.23"]
[EventType "swiss"]
[EventRounds "9"]
[EventCountry "ESP"]
[SourceTitle "Ajedrez en Madrid"]
[Source "lmi"]
[SourceDate "2023.09.23"]
[SourceVersion "1"]
[SourceVersionDate "2023.10.01"]
[SourceQuality "1"]

1. Nf3 d5 2. e3 c6 3. b3 e6 4. Bb2 Nd7 5. c4 f5 6. Qc2 Ndf6 7. Be2 Bd6 8. O-O
Nh6 9. d3 O-O 10. Nbd2 Bd7 11. e4 Bf4 12. e5 Ne8 13. g3 Bxd2 14. Qxd2 f4 15.
gxf4 Nf5 16. Ba3 Ne7 17. Kh1 Rf7 18. Ng5 Rf8 19. Bg4 Nc7 20. Bd6 Kh8 21. d4 h6
22. Bxc7 Qxc7 23. Nxe6 Qc8 24. cxd5 Nxd5 25. f5 Bxe6 26. fxe6 Rf4 27. Rg1 Qd8
28. Rg3 Qh4 29. Rag1 Raf8 30. f3 Qe7 31. Bh5 g5 32. Bf7 Rh4 33. Rg4 Rxg4 34.
Rxg4 Nf4 35. h4 Nxe6 36. Bxe6 Qxe6 37. Qg2 Qd5 38. hxg5 Rxf3 39. Kh2 Qf7 40.
gxh6 Rf5 41. Kg1 Rh5 42. Rg7 Qe6 43. Rh7+ 1-0

[Event "10. Open Pueblo Nuevo 2023"]
[Site "Madrid ESP"]
[Date "2023.09.23"]
[Round "1.2"]
[White "Sotoca Aguado, Jose"]
[Black "Mkrtchyan, Levon"]
[Result "0-1"]
[WhiteElo "1667"]
[BlackElo "2233"]
[PlyCount "76"]
[EventDate "2023.09.23"]
[EventType "swiss"]
[EventRounds "9"]
[EventCountry "ESP"]
[SourceTitle "Ajedrez en Madrid"]
[Source "lmi"]
[SourceDate "2023.09.23"]
[SourceVersion "1"]
[SourceVersionDate "2023.10.01"]
[SourceQuality "1"]

1. e4 c5 2. Nf3 d6 3. d4 cxd4 4. Nxd4 Nf6 5. Nc3 Nc6 6. Be2 e5 7. Nb3 Be7 8.
Be3 O-O 9. O-O a5 10. a3 Be6 11. f3 d5 12. exd5 Nxd5 13. Nxd5 Bxd5 14. c4 Be6
15. Nc5 Qb6 16. Qb3 Qxb3 17. Nxb3 a4 18. Nc5 Bxc5 19. Bxc5 Rfc8 20. Rac1 Na5
21. Bb4 Nb3 22. Rc3 Rd8 23. Rd1 f6 24. Rd6 Nd4 25. Kf2 Rxd6 26. Bxd6 Rc8 27. c5
Bd5 28. Bc4 Bxc4 29. Rxc4 b5 30. Rb4 Kf7 31. b3 axb3 32. a4 bxa4 33. Rxa4 Ke6
34. Rb4 Ra8 35. Rb7 Ra2+ 36. Ke3 Rxg2 37. f4 Kd5 38. fxe5 fxe5 0-1

[Event "10. Open Pueblo Nuevo 2023"]
[Site "Madrid ESP"]
[Date "2023.09.23"]
[Round "1.3"]
[White "Martinez Fernandez, Raul"]
[Black "Aldea Moreno, Marina"]
[Result "1-0"]
[WhiteElo "2228"]
[BlackElo "1643"]
[PlyCount "73"]
[EventDate "2023.09.23"]
[EventType "swiss"]
[EventRounds "9"]
[EventCountry "ESP"]
[SourceTitle "Ajedrez en Madrid"]
[Source "lmi"]
[SourceDate "2023.09.23"]
[SourceVersion "1"]
[SourceVersionDate "2023.10.01"]
[SourceQuality "1"]

1. e4 c5 2. Nf3 d6 3. Bb5+ Bd7 4. Bxd7+ Qxd7 5. c4 Nc6 6. d4 cxd4 7. Nxd4 g6 8.
b3 Bg7 9. Bb2 Nf6 10. Nc3 O-O 11. O-O Rac8 12. Re1 Rfd8 13. Nd5 Ne8 14. Qd2 Nc7
15. Rad1 Nxd4 16. Bxd4 b5 17. Bxg7 Kxg7 18. cxb5 Nxb5 19. h4 e5 20. h5 h6 21.
Qb4 Rc5 22. a4 Nc7 23. Ne3 Ne6 24. Nc4 Qc7 25. hxg6 fxg6 26. Re3 d5 27. exd5
Rcxd5 28. Rde1 Nc5 29. Nxe5 Rb8 30. Qg4 Qd6 31. b4 Nxa4 32. Nxg6 Rg5 33. Re7+
Kxg6 34. R1e6+ Qxe6 35. Qxe6+ Kh5 36. Qf7+ Kg4 37. Re4# 1-0

[Event "10. Open Pueblo Nuevo 2023"]
[Site "Madrid ESP"]
[Date "2023.09.23"]
[Round "1.4"]
[White "Perez Pascual, Arturo"]
[Black "Bustos Bernardo, Samuel"]
[Result "0-1"]
[WhiteElo "1616"]
[BlackElo "2210"]
[PlyCount "58"]
[EventDate "2023.09.23"]
[EventType "swiss"]
[EventRounds "9"]
[EventCountry "ESP"]
[SourceTitle "Ajedrez en Madrid"]
[Source "lmi"]
[SourceDate "2023.09.23"]
[SourceVersion "1"]
[SourceVersionDate "2023.10.01"]
[SourceQuality "1"]

1. e4 e5 2. Nf3 Nc6 3. Bb5 a6 4. Ba4 Nf6 5. d4 exd4 6. O-O Be7 7. Re1 b5 8. Bb3
d6 9. e5 Nxe5 10. Nxe5 dxe5 11. Rxe5 O-O 12. Re1 c5 13. a4 c4 14. Ba2 Bg4 15.
f3 Be6 16. Nd2 Bc5 17. Kh1 Re8 18. Ne4 Nxe4 19. fxe4 Qh4 20. g3 Qh3 21. Qf3 Bg4
22. Qg2 Qh5 23. Rf1 Bh3 24. Qf3 Qxf3+ 25. Rxf3 Rxe4 26. Bf4 Rae8 27. Rg1 Re1
28. b4 R8e2 29. Rf2 Rxg1+ 0-1

[Event "10. Open Pueblo Nuevo 2023"]
[Site "Madrid ESP"]
[Date "2023.09.23"]
[Round "1.5"]
[White "Longa Yauca, Javier"]
[Black "Castro Uceda, Jose Antonio"]
[Result "1-0"]
[WhiteElo "2197"]
[BlackElo "1523"]
[PlyCount "67"]
[EventDate "2023.09.23"]
[EventType "swiss"]
[EventRounds "9"]
[EventCountry "ESP"]
[SourceTitle "Ajedrez en Madrid"]
[Source "lmi"]
[SourceDate "2023.09.23"]
[SourceVersion "1"]
[SourceVersionDate "2023.10.01"]
[SourceQuality "1"]

1. d4 Nf6 2. b3 d5 3. Nf3 Nc6 4. Bb2 e6 5. Nbd2 Bd6 6. e3 a6 7. Bd3 Qe7 8. O-O
O-O 9. c4 Ba3 10. Bxa3 Qxa3 11. c5 Nb4 12. Ne5 Nxd3 13. Nxd3 Ne4 14. Nb1 Qa5
15. f3 Nf6 16. a4 c6 17. b4 Qc7 18. Nc3 Nd7 19. e4 f6 20. Qe1 Qd8 21. Rd1 Re8
22. Qg3 Qe7 23. exd5 exd5 24. Rfe1 Qf7 25. Rxe8+ Qxe8 26. Re1 Qf7 27. Qc7 Qg6
28. Nf4 Qc2 29. Qd8+ Nf8 30. Re8 Qc1+ 31. Kf2 Qd2+ 32. Nce2 g5 33. Rxf8+ Kg7
34. Qxf6# 1-0

[Event "10. Open Pueblo Nuevo 2023"]
[Site "Madrid ESP"]
[Date "2023.09.23"]
[Round "1.6"]
[White "Villodre Miranda, Juan Alonso"]
[Black "Garrido Olivares, Ricard"]
[Result "0-1"]
[WhiteElo "1507"]
[BlackElo "2164"]
[PlyCount "22"]
[EventDate "2023.09.23"]
[EventType "swiss"]
[EventRounds "9"]
[EventCountry "ESP"]
[SourceTitle "Ajedrez en Madrid"]
[Source "lmi"]
[SourceDate "2023.09.23"]
[SourceVersion "1"]
[SourceVersionDate "2023.10.01"]
[SourceQuality "1"]

1. c4 c5 2. Nc3 Nc6 3. e4 g6 4. g3 Bg7 5. Bg2 a6 6. Nge2 b5 7. cxb5 axb5 8.
Nxb5 Ba6 9. Nbc3 Bd3 10. O-O Nb4 11. a4 Bc2 0-1

[Event "10. Open Pueblo Nuevo 2023"]
[Site "Madrid ESP"]
[Date "2023.09.23"]
[Round "1.7"]
[White "Gallego Bergada, Antoni"]
[Black "Martin Sanchez, Fernando"]
[Result "1-0"]
[WhiteElo "2118"]
[BlackElo "1486"]
[PlyCount "39"]
[EventDate "2023.09.23"]
[EventType "swiss"]
[EventRounds "9"]
[EventCountry "ESP"]
[SourceTitle "Ajedrez en Madrid"]
[Source "lmi"]
[SourceDate "2023.09.23"]
[SourceVersion "1"]
[SourceVersionDate "2023.10.01"]
[SourceQuality "1"]

1. e4 d6 2. d4 Nf6 3. Nc3 e5 4. Nf3 Nbd7 5. Bc4 Be7 6. h3 O-O 7. Be3 a6 8. a4
b6 9. O-O Bb7 10. Bd3 exd4 11. Nxd4 Nc5 12. Qf3 Nxd3 13. cxd3 Re8 14. Nf5 Bf8
15. Bg5 Be7 16. Ne2 Kh8 17. Neg3 Ng8 18. Nxe7 Nxe7 19. Qxf7 h6 20. Nh5 1-0

[Event "10. Open Pueblo Nuevo 2023"]
[Site "Madrid ESP"]
[Date "2023.09.23"]
[Round "1.8"]
[White "Martinez Miura, Enrique"]
[Black "Estevez Sacristan, Deva"]
[Result "0-1"]
[WhiteElo "1473"]
[BlackElo "1948"]
[PlyCount "64"]
[EventDate "2023.09.23"]
[EventType "swiss"]
[EventRounds "9"]
[EventCountry "ESP"]
[SourceTitle "Ajedrez en Madrid"]
[Source "lmi"]
[SourceDate "2023.09.23"]
[SourceVersion "1"]
[SourceVersionDate "2023.10.01"]
[SourceQuality "1"]

1. e4 c5 2. c4 g6 3. Nc3 Nc6 4. g3 Bg7 5. Bg2 e6 6. Nge2 Nge7 7. O-O O-O 8. d3
b6 9. Be3 Nd4 10. f4 Bb7 11. Bf2 d5 12. Nxd4 cxd4 13. Ne2 dxc4 14. dxc4 d3 15.
Nc3 Ba6 16. e5 Bxc4 17. Bxa8 Qxa8 18. b3 Ba6 19. Qd2 f6 20. Rfe1 fxe5 21. Rxe5
Bxe5 22. fxe5 Qf3 23. Qe3 Qxe3 24. Bxe3 Nc6 25. Bf4 g5 26. Bxg5 Nxe5 27. Bf4
Nf3+ 28. Kg2 Bb7 29. Kh3 e5 30. Be3 Rc8 31. Nd1 Rc2 32. Nf2 Re2 0-1

[Event "10. Open Pueblo Nuevo 2023"]
[Site "Madrid ESP"]
[Date "2023.09.23"]
[Round "1.9"]
[White "Martin Arbeloa, Fernando"]
[Black "Lopez Guitian, Juan J."]
[Result "1/2-1/2"]
[WhiteElo "1873"]
[BlackElo "1468"]
[PlyCount "52"]
[EventDate "2023.09.23"]
[EventType "swiss"]
[EventRounds "9"]
[EventCountry "ESP"]
[SourceTitle "Ajedrez en Madrid"]
[Source "lmi"]
[SourceDate "2023.09.23"]
[SourceVersion "1"]
[SourceVersionDate "2023.10.01"]
[SourceQuality "1"]

1. d4 Nf6 2. c4 e6 3. Nc3 d5 4. cxd5 exd5 5. Bg5 Be7 6. e3 O-O 7. Bd3 c6 8. Qc2
Nbd7 9. Nge2 Re8 10. f3 Nf8 11. O-O Nh5 12. Bxe7 Qxe7 13. e4 dxe4 14. fxe4 Bg4
15. Kh1 Nf6 16. Qd2 Rad8 17. e5 Nd5 18. Ne4 Ne6 19. Nd6 Rxd6 20. exd6 Qxd6 21.
Rae1 Nf6 22. Ng3 Rd8 23. Bb1 Nf8 24. Qg5 h6 25. Qe5 Qxd4 26. Qxd4 Rxd4 1/2-1/2

[Event "10. Open Pueblo Nuevo 2023"]
[Site "Madrid ESP"]
[Date "2023.09.23"]
[Round "1.10"]
[White "Veuthey Martinez, Eloy"]
[Black "Iriarte Diez, Enrique"]
[Result "0-1"]
[WhiteElo "1462"]
[BlackElo "1872"]
[PlyCount "102"]
[EventDate "2023.09.23"]
[EventType "swiss"]
[EventRounds "9"]
[EventCountry "ESP"]
[SourceTitle "Ajedrez en Madrid"]
[Source "lmi"]
[SourceDate "2023.09.23"]
[SourceVersion "1"]
[SourceVersionDate "2023.10.01"]
[SourceQuality "1"]

1. d4 g6 2. e4 Bg7 3. Nf3 d6 4. Nc3 a6 5. a4 Nf6 6. Be3 O-O 7. h3 b6 8. Bd3 Bb7
9. O-O c5 10. d5 Nbd7 11. Qd2 Re8 12. Bh6 Bh8 13. Rfe1 Qc7 14. Bc4 Ne5 15. Nxe5
dxe5 16. Re3 Bg7 17. Rf3 Qd6 18. g4 e6 19. Rd3 exd5 20. Bxg7 Kxg7 21. Bxd5 Nxd5
22. exd5 e4 23. Re3 Re5 24. Nxe4 Qxd5 25. Qxd5 Bxd5 26. Rae1 Rae8 27. Nd6 Rxe3
28. Rxe3 Rxe3 29. fxe3 Kf6 30. Nc8 b5 31. axb5 axb5 32. c3 Bc6 33. Nb6 c4 34.
Kf2 Ke5 35. Kg3 g5 36. h4 h6 37. hxg5 hxg5 38. Kf2 Ke6 39. e4 Bxe4 40. Ke3 Bb7
41. Kd4 Kd6 42. Nxc4+ bxc4 43. Kxc4 Bc8 44. Kb5 Kc7 45. Kc5 Bxg4 46. b4 Bf3 47.
b5 g4 48. Kd4 g3 49. Ke3 g2 50. Kf2 Bb7 51. c4 Kb6 0-1

[Event "10. Open Pueblo Nuevo 2023"]
[Site "Madrid ESP"]
[Date "2023.09.23"]
[Round "1.11"]
[White "Jimenez Gonzalez, Marcos"]
[Black "Valido Gonzalez, Himar"]
[Result "0-1"]
[WhiteElo "1775"]
[BlackElo "1439"]
[PlyCount "166"]
[EventDate "2023.09.23"]
[EventType "swiss"]
[EventRounds "9"]
[EventCountry "ESP"]
[SourceTitle "Ajedrez en Madrid"]
[Source "lmi"]
[SourceDate "2023.09.23"]
[SourceVersion "1"]
[SourceVersionDate "2023.10.01"]
[SourceQuality "1"]

1. d4 Nf6 2. Nf3 c5 3. d5 d6 4. Nc3 Bf5 5. Bf4 Qb6 6. Rb1 a6 7. e3 g6 8. Be2
Bg7 9. O-O O-O 10. h3 Ne8 11. e4 Bd7 12. Be3 Bxc3 13. bxc3 Qc7 14. c4 e5 15.
Bh6 Ng7 16. Bd3 f6 17. Qd2 Rf7 18. Nh2 Be8 19. Bxg7 Kxg7 20. Ng4 g5 21. Ne3 Bd7
22. Qe2 Kg6 23. g4 h6 24. Rb2 Bc8 25. Rfb1 Nd7 26. Nf5 b6 27. a4 a5 28. Kg2 Rb8
29. h4 Nf8 30. Rh1 Bxf5 31. gxf5+ Kg7 32. hxg5 fxg5 33. Rbb1 Rf6 34. Rh5 Kg8
35. Qg4 Qg7 36. Rh3 Nd7 37. Be2 Kh7 38. Qg3 Nf8 39. Bh5 Rb7 40. Qg4 Kg8 41.
Rhb3 Qc7 42. Be8 Rb8 43. Bc6 Kh7 44. Rh1 Nd7 45. Bxd7 Qxd7 46. Rhb1 Qxa4 47.
Rxb6 Rxb6 48. Rxb6 Qd7 49. Qd1 Rf7 50. Qb1 h5 51. f3 Rg7 52. Qh1 Kh6 53. Qh2
Qe7 54. Rb8 Qf7 55. Qh1 Rg8 56. Qb1 g4 57. Qc1+ Kh7 58. Rxg8 gxf3+ 59. Kxf3
Qxg8 60. Qb1 Qg4+ 61. Kf2 Qf4+ 62. Kg1 Qe3+ 63. Kh2 Qf4+ 64. Kg1 Qg4+ 65. Kf2
h4 66. Qb7+ Qg7 67. Qc8 h3 68. Qe8 Qg2+ 69. Ke3 Qg5+ 70. Ke2 Qg2+ 71. Ke3 Qg3+
72. Ke2 Kh6 73. Qh8+ Kg5 74. Qg7+ Kf4 75. Qh6+ Kxe4 76. f6 h2 77. Qh7+ Kd4 78.
c3+ Qxc3 79. Qh4+ e4 80. Qf2+ Kxc4 81. f7 Qc2+ 82. Ke3 Qxf2+ 83. Kxf2 h1=Q 0-1

[Event "10. Open Pueblo Nuevo 2023"]
[Site "Madrid ESP"]
[Date "2023.09.23"]
[Round "1.12"]
[White "Benito Mellado, Humberto"]
[Black "Perdiguero Herreros, Alejandro"]
[Result "1/2-1/2"]
[WhiteElo "1335"]
[BlackElo "1771"]
[PlyCount "93"]
[EventDate "2023.09.23"]
[EventType "swiss"]
[EventRounds "9"]
[EventCountry "ESP"]
[SourceTitle "Ajedrez en Madrid"]
[Source "lmi"]
[SourceDate "2023.09.23"]
[SourceVersion "1"]
[SourceVersionDate "2023.10.01"]
[SourceQuality "1"]

1. d4 Nf6 2. c4 e6 3. Nc3 d5 4. Nf3 Be7 5. cxd5 exd5 6. Bf4 c6 7. h3 Ne4 8. e3
Bb4 9. Rc1 Nd7 10. Nd2 Nxc3 11. bxc3 Ba3 12. Rb1 Nf6 13. Bd3 O-O 14. O-O Re8
15. c4 b6 16. Qa4 Bd6 17. Qxc6 Bxf4 18. Qxa8 Bxe3 19. fxe3 Qe7 20. Rf3 Qa3 21.
e4 Qxa2 22. Rf2 Qa3 23. Rb3 Qa1+ 24. Bb1 dxc4 25. Rc3 Qxc3 26. e5 Be6 27. Qxa7
Nd5 28. Ne4 Qxd4 29. Ng5 Qxe5 30. Bxh7+ Kh8 31. Nxf7+ Bxf7 32. Qxf7 Nf6 33. Bg6
Qd4 34. g3 Rd8 35. Qb7 Qd6 36. g4 Qg3+ 37. Qg2 Rd1+ 38. Rf1 Qe3+ 39. Qf2 Qxf2+
40. Kxf2 Rd6 41. Kg3 Kg8 42. g5 Nd7 43. Bf7+ Kh8 44. Bxc4 Ne5 45. Rf8+ Kh7 46.
Ba2 Rd3+ 47. Kg2 1/2-1/2

[Event "10. Open Pueblo Nuevo 2023"]
[Site "Madrid ESP"]
[Date "2023.09.23"]
[Round "1.13"]
[White "Pena Hernandez, Francisco Javier"]
[Black "Moreno Ortega, Jose Francisco"]
[Result "1-0"]
[WhiteElo "1769"]
[BlackElo "1227"]
[PlyCount "45"]
[EventDate "2023.09.23"]
[EventType "swiss"]
[EventRounds "9"]
[EventCountry "ESP"]
[SourceTitle "Ajedrez en Madrid"]
[Source "lmi"]
[SourceDate "2023.09.23"]
[SourceVersion "1"]
[SourceVersionDate "2023.10.01"]
[SourceQuality "1"]

1. e4 e5 2. Nf3 Nc6 3. Bb5 Nge7 4. O-O a6 5. Ba4 b5 6. Bb3 d5 7. exd5 Nxd5 8.
Re1 Bd6 9. Bxd5 Bb7 10. Bxc6+ Bxc6 11. Nxe5 Bxe5 12. Rxe5+ Kf8 13. d4 Rb8 14.
Bf4 f6 15. Rc5 Qd7 16. c3 g5 17. Bg3 Re8 18. Nd2 Re6 19. Nb3 Kg7 20. d5 Rd8 21.
Nd4 Bxd5 22. Rxc7 Qxc7 23. Bxc7 1-0

[Event "10. Open Pueblo Nuevo 2023"]
[Site "Madrid ESP"]
[Date "2023.09.24"]
[Round "2.1"]
[White "Estevez Sacristan, Deva"]
[Black "Elissalt Cardenas, Hector"]
[Result "0-1"]
[WhiteElo "1948"]
[BlackElo "2329"]
[PlyCount "132"]
[EventDate "2023.09.23"]
[EventType "swiss"]
[EventRounds "9"]
[EventCountry "ESP"]
[SourceTitle "Ajedrez en Madrid"]
[Source "lmi"]
[SourceDate "2023.09.23"]
[SourceVersion "1"]
[SourceVersionDate "2023.10.01"]
[SourceQuality "1"]

1. e4 c6 2. d4 d5 3. e5 c5 4. dxc5 Nc6 5. Nf3 Bg4 6. c3 e6 7. Bb5 Bxf3 8. Bxc6+
bxc6 9. Qxf3 Bxc5 10. O-O Ne7 11. Nd2 Nf5 12. Re1 O-O 13. b4 Bb6 14. Nb3 f6 15.
Nc5 Bxc5 16. bxc5 Qa5 17. a4 Rf7 18. Ba3 Qxa4 19. Bb4 Qb5 20. Qe2 Qxe2 21. Rxe2
fxe5 22. Rxe5 Re7 23. Ra6 Rc8 24. f4 Kf7 25. Kf2 h5 26. g3 Rb7 27. Ke2 Kf6 28.
Kd3 g5 29. Ra2 gxf4 30. gxf4 Rg7 31. Rae2 Re8 32. Ra2 Ree7 33. Ba5 Re8 34. Rb2
Rg4 35. Bc7 Rh4 36. Ra2 Rh3+ 37. Kd2 Rxh2+ 38. Re2 Rxe2+ 39. Kxe2 Kf7 40. Be5
Ra8 41. Ra6 Ne7 42. Kf2 Ke8 43. Kg3 Nf5+ 44. Kh3 Kd7 45. Kh2 Nh6 46. Kh3 Nf7
47. Bd4 Kc7 48. Kh4 Kb7 49. Ra2 a5 50. Kxh5 a4 51. Kg6 Nd8 52. Bf6 Kc8 53. Bxd8
Kxd8 54. Kf7 Kd7 55. c4 a3 56. cxd5 cxd5 57. c6+ Kxc6 58. Kxe6 d4 59. f5 Kb5
60. f6 Kb4 61. f7 Kb3 62. Rg2 a2 63. Rg3+ Kc4 64. Rg1 d3 65. Ke7 d2 66. Ra1 Kb3
0-1

[Event "10. Open Pueblo Nuevo 2023"]
[Site "Madrid ESP"]
[Date "2023.09.24"]
[Round "2.2"]
[White "Mkrtchyan, Levon"]
[Black "Gallego Bergada, Antoni"]
[Result "1-0"]
[WhiteElo "2233"]
[BlackElo "2118"]
[PlyCount "125"]
[EventDate "2023.09.23"]
[EventType "swiss"]
[EventRounds "9"]
[EventCountry "ESP"]
[SourceTitle "Ajedrez en Madrid"]
[Source "lmi"]
[SourceDate "2023.09.23"]
[SourceVersion "1"]
[SourceVersionDate "2023.10.01"]
[SourceQuality "1"]

1. e4 c5 2. Nf3 d6 3. d4 cxd4 4. Nxd4 Nf6 5. Nc3 g6 6. Be3 Bg7 7. f3 O-O 8. Qd2
Nc6 9. O-O-O d5 10. Qe1 e5 11. Nxc6 bxc6 12. exd5 Nxd5 13. Bc4 Be6 14. Ne4 Qc7
15. Bc5 Rfd8 16. g4 Nf4 17. Bxe6 Nxe6 18. Bd6 Qb6 19. Qc3 Nd4 20. Kb1 Nb5 21.
Qb3 Nxd6 22. Nxd6 Qc7 23. Qb7 Qxb7 24. Nxb7 Rd5 25. c4 Rd4 26. Rxd4 exd4 27.
Re1 Bf8 28. c5 Rb8 29. Na5 Bxc5 30. Nxc6 Rb6 31. Ne5 Rb7 32. Nd3 Bb6 33. a4 f6
34. Nf4 Kf7 35. Kc2 Bc7 36. Ne6 Ba5 37. Re2 d3+ 38. Kxd3 Rb3+ 39. Kc4 Rb4+ 40.
Kd5 Rxa4 41. Nd4 Ra1 42. Nc6 Rd1+ 43. Kc4 Rc1+ 44. Kb5 Bb6 45. b4 Bg1 46. Re7+
Kf8 47. Re6 f5 48. gxf5 gxf5 49. h4 Rc3 50. Ne5 Bd4 51. f4 Rh3 52. Rf6+ Kg7 53.
Rf7+ Kg8 54. Rxf5 Bxe5 55. fxe5 Rxh4 56. Kc5 Rh6 57. Kd5 Rb6 58. Rf4 a5 59.
bxa5 Rb5+ 60. Kd6 Rxa5 61. e6 Ra1 62. Rg4+ Kh8 63. e7 1-0

[Event "10. Open Pueblo Nuevo 2023"]
[Site "Madrid ESP"]
[Date "2023.09.24"]
[Round "2.3"]
[White "Iriarte Diez, Enrique"]
[Black "Martinez Fernandez, Raul"]
[Result "0-1"]
[WhiteElo "1872"]
[BlackElo "2228"]
[PlyCount "78"]
[EventDate "2023.09.23"]
[EventType "swiss"]
[EventRounds "9"]
[EventCountry "ESP"]
[SourceTitle "Ajedrez en Madrid"]
[Source "lmi"]
[SourceDate "2023.09.23"]
[SourceVersion "1"]
[SourceVersionDate "2023.10.01"]
[SourceQuality "1"]

1. Nf3 Nf6 2. g3 b5 3. a4 b4 4. Bg2 Bb7 5. O-O g6 6. d4 Bg7 7. c4 O-O 8. a5 Na6
9. Nbd2 d6 10. Qc2 Nd7 11. e4 e5 12. d5 Ndc5 13. Nb3 f5 14. Nfd2 f4 15. Nxc5
Nxc5 16. f3 fxg3 17. hxg3 Qg5 18. Kf2 Qg4 19. Rh1 b3 20. Qb1 Rf7 21. Rh4 Qd7
22. Ra3 g5 23. Rh1 g4 24. Nxb3 Na6 25. Nd2 Raf8 26. b4 Bc8 27. Rc3 c5 28. b5
Nc7 29. Qb3 Ne8 30. Ke2 Qd8 31. Qa3 Qg5 32. Nf1 Qg6 33. Rg1 gxf3+ 34. Bxf3 Bg4
35. Nd2 Bxf3+ 36. Rxf3 Rxf3 37. Nxf3 Qxe4+ 38. Kf2 Qc2+ 39. Ke1 e4 0-1

[Event "10. Open Pueblo Nuevo 2023"]
[Site "Madrid ESP"]
[Date "2023.09.24"]
[Round "2.4"]
[White "Bustos Bernardo, Samuel"]
[Black "Pena Hernandez, Francisco Javier"]
[Result "0-1"]
[WhiteElo "2210"]
[BlackElo "1769"]
[PlyCount "86"]
[EventDate "2023.09.23"]
[EventType "swiss"]
[EventRounds "9"]
[EventCountry "ESP"]
[SourceTitle "Ajedrez en Madrid"]
[Source "lmi"]
[SourceDate "2023.09.23"]
[SourceVersion "1"]
[SourceVersionDate "2023.10.01"]
[SourceQuality "1"]

1. Nf3 d5 2. d4 Nf6 3. c4 e6 4. Nc3 c6 5. cxd5 cxd5 6. Bg5 Be7 7. e3 O-O 8. Bd3
Nc6 9. a3 h6 10. Bh4 a6 11. Rc1 Bd7 12. O-O b5 13. Ne5 Nxe5 14. dxe5 Nh7 15.
Bxe7 Qxe7 16. Qc2 f5 17. Qd2 Rfc8 18. Ne2 Be8 19. Qa5 Qb7 20. Nd4 Nf8 21. Rb1
Qc7 22. Qxc7 Rxc7 23. h3 Kf7 24. g4 fxg4 25. hxg4 Ke7 26. f4 Nd7 27. Rbd1 Bf7
28. Kf2 Rac8 29. Rg1 Rh8 30. Ra1 Nc5 31. Bc2 Nd7 32. Ke2 g5 33. Rh1 h5 34. Bd3
Rcc8 35. Kd2 hxg4 36. Nc6+ Rxc6 37. Rxh8 Nc5 38. Bc2 gxf4 39. exf4 Bg6 40. Rah1
Ne4+ 41. Bxe4 dxe4 42. Rc1 e3+ 43. Kd1 e2+ 0-1

[Event "10. Open Pueblo Nuevo 2023"]
[Site "Madrid ESP"]
[Date "2023.09.24"]
[Round "2.5"]
[White "Barahona Torrijos, Angel"]
[Black "Longa Yauca, Javier"]
[Result "0-1"]
[WhiteElo "1745"]
[BlackElo "2197"]
[PlyCount "74"]
[EventDate "2023.09.23"]
[EventType "swiss"]
[EventRounds "9"]
[EventCountry "ESP"]
[SourceTitle "Ajedrez en Madrid"]
[Source "lmi"]
[SourceDate "2023.09.23"]
[SourceVersion "1"]
[SourceVersionDate "2023.10.01"]
[SourceQuality "1"]

1. d4 Nf6 2. Nf3 d6 3. Bg5 Nbd7 4. Nbd2 g6 5. e4 h6 6. Bf4 Bg7 7. Bc4 g5 8. Be3
Nf8 9. h3 d5 10. exd5 Nxd5 11. Ne5 Bxe5 12. dxe5 Nxe3 13. fxe3 Be6 14. Qf3 c6
15. O-O Bxc4 16. Nxc4 Qd5 17. b3 Ng6 18. e4 Qe6 19. Qc3 O-O 20. Rf5 Rad8 21.
Raf1 c5 22. Ne3 Rd4 23. Ng4 Kg7 24. Qe3 Qc6 25. Qf3 Nh8 26. Nf2 Qe6 27. c3 Rd2
28. Qe3 Rfd8 29. Qxc5 Rxa2 30. Rd1 Rxd1+ 31. Nxd1 Qxb3 32. Rf1 Ng6 33. Qd4 e6
34. c4 Qg3 35. Ne3 Nf4 36. Nf5+ exf5 37. e6+ Kh7 0-1

[Event "10. Open Pueblo Nuevo 2023"]
[Site "Madrid ESP"]
[Date "2023.09.24"]
[Round "2.7"]
[White "Valido Gonzalez, Himar"]
[Black "Martinez Ramirez, Lennis"]
[Result "0-1"]
[WhiteElo "1439"]
[BlackElo "2464"]
[PlyCount "28"]
[EventDate "2023.09.23"]
[EventType "swiss"]
[EventRounds "9"]
[EventCountry "ESP"]
[SourceTitle "Ajedrez en Madrid"]
[Source "lmi"]
[SourceDate "2023.09.23"]
[SourceVersion "1"]
[SourceVersionDate "2023.10.01"]
[SourceQuality "1"]

1. e4 c5 2. b4 e5 3. bxc5 Bxc5 4. Nc3 Nf6 5. h3 O-O 6. Nf3 d5 7. Bd3 dxe4 8.
Nxe4 Nxe4 9. Bxe4 f5 10. Qe2 fxe4 11. Qxe4 Qe7 12. O-O Nc6 13. Bb2 Rf4 14. Qe2
e4 0-1

[Event "10. Open Pueblo Nuevo 2023"]
[Site "Madrid ESP"]
[Date "2023.09.24"]
[Round "2.8"]
[White "De la Torre Campo, Rafael"]
[Black "Martin Duque, Jesus"]
[Result "0-1"]
[WhiteElo "1719"]
[BlackElo "2370"]
[PlyCount "56"]
[EventDate "2023.09.23"]
[EventType "swiss"]
[EventRounds "9"]
[EventCountry "ESP"]
[SourceTitle "Ajedrez en Madrid"]
[Source "lmi"]
[SourceDate "2023.09.23"]
[SourceVersion "1"]
[SourceVersionDate "2023.10.01"]
[SourceQuality "1"]

1. Nf3 Nf6 2. c4 b6 3. g3 Bb7 4. Bg2 g6 5. d4 Bg7 6. Nc3 Ne4 7. Qc2 Nxc3 8.
bxc3 Nc6 9. O-O O-O 10. Ba3 Na5 11. Nd2 Bxg2 12. Kxg2 c5 13. Qd3 Qc8 14. e4 Qa6
15. dxc5 Nc6 16. Bb2 bxc5 17. f4 Rab8 18. Nb3 d6 19. Rfb1 Qb7 20. Bc1 Qa8 21.
Be3 Rb6 22. Nd2 Rfb8 23. Rxb6 Rxb6 24. Rb1 Rb7 25. Rxb7 Qxb7 26. Qc2 Qb6 27.
Qb3 h5 28. Qd1 Qd8 0-1

[Event "10. Open Pueblo Nuevo 2023"]
[Site "Madrid ESP"]
[Date "2023.09.24"]
[Round "2.9"]
[White "Fernandez Liria, Cristobal"]
[Black "Martin Arbeloa, Fernando"]
[Result "1/2-1/2"]
[WhiteElo "1634"]
[BlackElo "1873"]
[PlyCount "45"]
[EventDate "2023.09.23"]
[EventType "swiss"]
[EventRounds "9"]
[EventCountry "ESP"]
[SourceTitle "Ajedrez en Madrid"]
[Source "lmi"]
[SourceDate "2023.09.23"]
[SourceVersion "1"]
[SourceVersionDate "2023.10.01"]
[SourceQuality "1"]

1. e4 c5 2. d4 cxd4 3. c3 Nf6 4. e5 Nd5 5. cxd4 d6 6. Nf3 Nc6 7. Bc4 dxe5 8.
dxe5 Ndb4 9. Qxd8+ Nxd8 10. Na3 a6 11. O-O e6 12. Bd2 b5 13. Be2 Bb7 14. Rfc1
Ndc6 15. Nc2 Nd5 16. Ncd4 Nxd4 17. Nxd4 Kd7 18. Nb3 Rc8 19. Na5 Rxc1+ 20. Rxc1
Bc8 21. Nb3 Bb7 22. Na5 Bc8 23. Nb3 1/2-1/2